[Event "Rilton Cup 26th"]
[Site "Stockholm"]
[Date "1996.12.??"]
[Round "9"]
[White "Hjartarson, Johann"]
[Black "De Firmian, Nick E"]
[Result "1-0"]
[WhiteElo "2565"]
[BlackElo "2575"]
[Annotator "Hjartarson,J"]
[PlyCount "53"]
[EventDate "1996.12.??"]
[EventType "swiss"]
[EventRounds "9"]
[EventCountry "SWE"]
[SourceTitle "CBM 057 Extra"]
[Source "ChessBase"]
[SourceDate "1997.05.01"]
[SourceVersion "1"]
[SourceVersionDate "1997.05.01"]
[SourceQuality "1"]

1. e4 c5 2. Nf3 d6 3. d4 Nf6 4. Nc3 cxd4 5. Nxd4 a6 6. Be2 e5 7. Nb3 Be7 8. O-O
O-O 9. Kh1 {Kasparov has been employing this subtle move in the last couple
years, most recently in his game against Anand in Las Palmas, which is
featured elsewhere in this issue of CBM. It is particularly interesting to see
how Kasparov plays against his own favourite opening and one can expect that
the popularity of this move will be enhanced by having such a strong authority
behind. The main idea behind the text is to make a useful waiting move by
delaying the development of Bc1 and see what Black´s intentions are. Quite
often this is followed by an early f4 and if Black swaps quickly with exf4,
the bishop will develope to f4 in one go, gaining an extra tempo (Kh1), as
compared to many familiar variations, where it goes to f4 in 2 moves. The more
traditional approach is to take an immediate action against the potentially
weak square d5 with Be3,Qd2,Rfd1,Bf3, in a true Nimzowitz style, as Karpov
demonstrated with great success in several games in the 80´s, but chess in the
90´s is characterized by more dynamic play.} Be6 {It is quite possible that
this natural looking move may already be inaccurate. Other examples from
Kasparov´s games are} (9... Nbd7 10. a4 b6 11. f3 Bb7 12. Be3 Qc7 13. Rf2 Rad8
14. Bf1 Nc5 15. Rd2 h6 16. Nxc5 dxc5 17. Bc4 $16 {xPa6(b5),d5 Kasparov,G-De
Firmian,N/New York PCA 1995/1-0 (54)}) (9... Nc6 10. f4 a5 11. a4 Nb4 12. Bf3
Qb6 13. g4 exf4 14. Bxf4 Nd7 15. Nd4 g6 16. Bh6 Re8 17. Nf5 $5 gxf5 18. gxf5
$44 {1-0 Kasparov,G-Gelfand,B/Amsterdam VSB 1996 (35)}) (9... Qc7 $5 10. f4 b5
{is often played, as the drawback behind an early f4 is that the e4 pawn is
often left isolated. Accordingly, it makes sense to deploy the bishop on b7 to
attack it.}) (9... b5 10. a4 $1 {Kasparov-Anand, Las Palmas 1996.}) 10. f4 Qc7
$2 (10... exf4 {This may well be neccessary, which in itself may suggest that
something has gone wrong.} 11. Bxf4 Nc6 {In most of the cases when this
position has occured, it has been Black´s move, e.g. in Karpov-Najdorf,
Hastings 1971, which was quickly drawn after 12...d5, but now White has gained
an extra tempo, as described above.} 12. Qe1 $1 Ne8 ({The traditonal cental
break} 12... d5 {is very unattractive now due to} 13. Rd1 $16) 13. Nd5 Bg5 14.
Bg3 Ne5 15. Rd1 Bxd5 16. Rxd5 Nf6 17. Rd1 Qc7 18. Rf5 Bh6 19. Rxf6 $1 gxf6 20.
Nd4 $44 {1-0 Ehlvest,J-Gurevich,I/St.Martin op 1993 (46)}) 11. f5 Bc4 12. g4 $1
$16 {This very strong idea of sir Nigel demonstrates yet another subtle point
of 9.Kh1; White is very well placed to start an early offensive on the
kingsflank, since the king is not in the way, once the g-file is opened, as
happened here. "Kasparov has joked, that Short has only one idea against the
Sicilian: the move g2-g4", Ftacnik CBM 52. Sometimes having just one good idea
is enough, not that I share Kasparov´s perception. It is doubtful that Gelfand
would have laughed at this joke after the following game!} d5 (12... h6 13. g5
$1 hxg5 14. Bxg5 Nbd7 15. Rg1 Rfc8 16. Bxc4 Qxc4 17. Qf3 Kf8 18. a3 b5 19. Nd2
Qc6 20. Qh3 $16 {1-0 Short,N-Gelfand,B/Amsterdam VSB 1996 (43)}) 13. g5 $5 ({
It is also quite possible to accept the sacrifice,} 13. exd5 Rd8 14. Bxc4 Qxc4
15. Bg5 $16 {Ftacnik; it seems doubtful that Black has enough compensation for
the pawn. White however, follows Short´s recommendation in Inf/66/228.}) 13...
Nxe4 14. Nxe4 dxe4 15. f6 $40 Bb4 16. Bxc4 Qxc4 17. fxg7 Kxg7 18. Be3 Nc6 19.
c3 Be7 20. Qg4 Rad8 21. Nd2 {White does not have to rely solely on tactics,
once the N is on e4, he is also blessed with huge positional advantage.} Qb5
22. Nxe4 Qxb2 23. Rfb1 $1 Qc2 24. Rxb7 Rb8 25. Rc7 Rb2 $4 (25... Rfc8 26. Rxc8
Rxc8 27. Rf1 $16) 26. Bg1 $18 h5 {Hallucination, but Black could not avoid
losing a piece.} 27. gxh6+ 1-0

[Event "Dallas UT Fall op"]
[Site "Dallas"]
[Date "2016.12.11"]
[Round "6"]
[White "Liang, Awonder"]
[Black "Kambrath, Yannick"]
[Result "0-1"]
[WhiteElo "2508"]
[BlackElo "2367"]
[Annotator "Kambrath,Y"]
[PlyCount "114"]
[EventDate "2016.11.18"]
[EventType "swiss"]
[EventRounds "9"]
[EventCountry "USA"]
[SourceTitle "CBM 176"]
[Source "ChessBase"]
[SourceDate "2017.01.17"]
[SourceVersion "1"]
[SourceVersionDate "2017.01.17"]
[SourceQuality "1"]

1. e4 c5 2. Nf3 d6 3. d4 cxd4 4. Nxd4 Nf6 5. Nc3 a6 6. Be2 e5 7. Nb3 Be6 {
Typically Black plays ...Be7 and 0-0 before choosing the square for his
c8-bishop.} (7... Be7 8. O-O O-O 9. Be3 Be6 10. f4 {Now White doesn't have the
option to castle queenside as he did in the game} exf4 11. Bxf4 Nc6 12. Kh1 Rc8
{[%cal Yc6e5] and Black is fine.}) 8. f4 $5 (8. O-O Be7 9. Be3 O-O {will
transpose to the main line.}) 8... Be7 9. f5 (9. fxe5 {doesn't give any
advantage for White:} dxe5 10. Qxd8+ Bxd8 11. Nc5 Nc6 12. Bg5 (12. Nxe6 fxe6
13. Be3 Nd4 $11 {Black is totally fine here}) 12... Nd4 13. Bd3 Bc8 14. Nb3 Ne6
15. Be3 Bd7 16. Nd5 Bc6 17. Nxf6+ Bxf6 18. Na5 Rc8 19. g3 Bd8 20. Nxc6 Rxc6 21.
c3 Bb6 22. Bd2 Ke7 23. Rd1 Rd8 24. Ke2 Ba7 25. Bc1 b5 26. a3 Rb8 27. Bb1 a5 28.
Rd5 b4 29. axb4 axb4 30. Rhd1 bxc3 31. bxc3 Rxc3 32. Rd7+ Ke8 33. Rxa7 Rxb1 34.
Ra8+ Ke7 35. Bg5+ Nxg5 36. Rxb1 Rc2+ 37. Ke3 Rxh2 38. Ra7+ Kf6 39. Rb6+ Ne6 40.
Rbb7 Ng5 41. Rb6+ {1/2-1/2 (41) Onischuk,V (2547)-Areshchenko,A (2691) St
Petersburg 2012}) 9... Bd7 10. Bg5 {With the idea to occupy the d5-square.} Bc6
11. Bxf6 Bxf6 12. Bc4 {[%cal Yc4f7] Bringing one more piece to control d5.} O-O
13. Qe2 {The Qd1 was preventing the knight from going to d7. Black would have
had to play ...Qc7 first then ...Nd7.} (13. g3 $5 {[%cal Yh2h4]} Qc7 14. Qd3
Nd7 15. O-O-O) 13... Nd7 14. O-O-O Nb6 15. Bd5 (15. Kb1 Rc8 16. Na5 $1 Na4 17.
Nxa4 Qxa5 18. Nc3 b5 19. Bb3 $14) 15... a5 $5 {The move that gains counterplay
for Black.} 16. Nd2 (16. Kb1 a4 17. Nc1 a3 18. b3 Ra5 $1 $15) 16... Bg5 17. h4
Bf4 18. Kb1 Bxd5 19. exd5 {White should keep his knight for the e4-square.}
Bxd2 20. Rxd2 Rc8 21. Ne4 f6 22. Qb5 $2 (22. g4 Nc4 23. Rdd1 a4 24. g5 {
White has the initiative.}) 22... Rc4 $1 $15 {White missed this tactical
resource.} 23. Re2 Rb4 24. Qd3 (24. Qxa5 Rxb2+ $19) 24... Rd4 25. Qa3 Rxd5 26.
g4 Rd4 27. g5 Nc4 28. Qc3 Qc8 (28... Kh8 $1 29. gxf6 gxf6 $17) 29. Ng3 (29.
gxf6 Qxf5 30. fxg7 Rc8 31. Ng3 Qg4 32. Qe1 {the only move to keep the balance}
Nxb2 33. Re4 (33. Kxb2 Rb4+ 34. Kc1 Qd4 $19) 33... Qd1+ 34. Qxd1 Nxd1 35. Rxd4
Nc3+ 36. Kb2 exd4 37. Nf5 Rc5 38. Nxd4 Ne4 $13) 29... Nd2+ {Transposing to an
ending with a clear advantage for Black.} (29... Qc6 $19 {Keeping the queen
was stronger.}) 30. Kc1 Qxc3 31. bxc3 Rg4 32. gxf6 Rxf6 (32... Rxg3 33. fxg7)
33. Nh5 Rxf5 34. Nxg7 Kxg7 35. Rxd2 Rf6 36. Rd5 {In this rook ending, White
can still hope for a draw.} a4 37. h5 a3 38. Ra5 Rg2 39. Rxa3 Rff2 40. Rb3
Rxc2+ 41. Kb1 Rxa2 42. h6+ $2 (42. Rxb7+ Kh6 43. Rd1 Rgd2 44. Rxd2 Rxd2 45. Kc1
Rd5 $17) 42... Kg6 43. Rxb7 Rh2 44. Rxh2 Rxh2 45. Rd7 $6 (45. Rb6 Rxh6 46.
Rxd6+ Kg5 47. Rd8 Re6 $17) 45... Rd2 $19 46. c4 Rd4 47. Re7 Kxh6 48. c5 dxc5
49. Re6+ Kg5 50. Rxe5+ Kg4 51. Rxc5 h5 52. Rc8 h4 53. Kc2 Kg3 54. Kc3 Rg4 55.
Kd2 h3 56. Ke3 h2 57. Rh8 Kg2 0-1

[Event "Pardubice KB op"]
[Site "Pardubice"]
[Date "1997.07.18"]
[Round "2"]
[White "Jansa, Vlastimil"]
[Black "Gross, Stefan"]
[Result "1-0"]
[WhiteElo "2480"]
[BlackElo "2355"]
[Annotator "King,D"]
[PlyCount "67"]
[EventDate "1997.07.17"]
[EventType "swiss"]
[EventRounds "9"]
[EventCountry "CZE"]
[SourceTitle "CBM 059 Extra"]
[Source "ChessBase"]
[SourceDate "1997.09.26"]
[SourceVersion "1"]
[SourceVersionDate "1997.09.26"]
[SourceQuality "1"]

1. e4 c5 2. Nf3 d6 3. d4 cxd4 4. Nxd4 Nf6 5. Nc3 a6 6. Be2 e5 7. Nb3 Bd7 8. Bg5
Bc6 9. Bxf6 Qxf6 10. O-O Qd8 11. Nd2 Nd7 12. Nc4 Nf6 13. Qd3 Qc7 14. Rfd1 Rd8
15. Ne3 Be7 16. a4 O-O 17. Qc4 $1 {The queen does an excellent job on the
queenside, suppressing Black's counterplay, and so allowing White to dominate
the centre.} Rc8 18. Bf3 g6 19. Qb3 Rfd8 (19... b6 20. Ncd5 (20. Ng4) 20...
Nxd5 21. Nxd5 Bxd5 22. Rxd5 $14 Qxc2 $2 23. Qxb6) 20. a5 $1 {Without the queen
on b3 Black would get good counterplay by playing ...b6} Bf8 21. g3 Bh6 22. Ng4
Nxg4 23. Bxg4 Rb8 24. Qc4 $1 {Preventing Black playing ...b6 because of the
pin on the c-file.} Qe7 (24... b6 $2 25. axb6 Rxb6 (25... Qxb6 26. Rxa6) 26.
Nd5) 25. Rd3 Kg7 26. Nd5 $2 {A time pressure mistake?} (26. Bh3 {maintains
White's large positional advantage.}) 26... Qg5 27. Bh3 Bb5 28. Qc7 Bxd3 29.
cxd3 Qd2 30. Rf1 Qxd3 31. Qe7 Qxe4 $2 (31... Kh8 {gives Black the advantage.})
32. Qf6+ Kg8 33. Ne7+ Kf8 34. Be6 1-0

[Event "Pula zt 1.2"]
[Site "Pula"]
[Date "2000.04.18"]
[Round "7"]
[White "Palac, Mladen"]
[Black "Sutovsky, Emil"]
[Result "0-1"]
[WhiteElo "2570"]
[BlackElo "2597"]
[Annotator "Knaak,R"]
[PlyCount "54"]
[EventDate "2000.04.11"]
[EventType "swiss"]
[EventRounds "11"]
[EventCountry "CRO"]
[SourceTitle "CBM 077"]
[Source "ChessBase"]
[SourceDate "2000.07.27"]
[SourceVersion "1"]
[SourceVersionDate "2000.07.27"]
[SourceQuality "1"]

1. e4 c5 2. Nf3 d6 3. d4 cxd4 4. Nxd4 Nf6 5. Nc3 a6 6. Be2 e5 7. Nb3 Be7 8. O-O
O-O 9. Kh1 Nc6 10. f3 {Etwas zahm, aber nicht schlecht.} ({Gebräuchlich ist} 
10. f4) 10... b5 11. Nd5 Nxd5 12. exd5 Na5 13. Bd2 {Die weiße Strategie macht
einen gesunden Eindruck.} Nc4 $5 {Mutig!} 14. Bxc4 bxc4 15. Na5 Bd7 16. b3 $1 (
{Nach} 16. Nxc4 Bb5 17. b3 Bxc4 18. bxc4 Qc7 {gewinnt Schwarz den Bauern
zurück und steht dann deutlich besser.}) 16... Bf6 $1 (16... cxb3 17. axb3 {
hätte Weiß gutes Spiel am Damenflügel gegeben.}) 17. bxc4 {Sehr riskant.} (17.
Qe1 {und}) (17. Rb1 {kamen in Frage.}) 17... e4 $1 18. Rb1 ({Die Konsequenzen
von} 18. fxe4 Bxa1 19. Qxa1 Re8 20. Qd4 {sind schwer einzuschätzen.}) 18... e3
$1 19. Bb4 Re8 20. Re1 Rb8 21. a3 e2 $5 22. Qd3 Qb6 $5 {Am Ende geht der Plan
auf, aber ich bin nicht sicher, ob dieser Zug richtig ist.} 23. Nb3 a5 24. Nxa5
$2 {Das verliert.} ({Auch} 24. Bxa5 $2 Qxa5 $1 25. Nxa5 Rxb1 26. Rxb1 e1=Q+ {
ist für Schwarz gewonnen.}) ({Doch Sutovskys phantasievolles Spiel hätte wohl
mit} 24. c5 $1 dxc5 (24... Qa7 $5 25. c6 Bf5 26. Qxf5 axb4 $13) 25. Nxc5 {
in Frage gestellt werden können; Weiß opfert den Lb4, erhält aber auch den e2
und steht gewiss nicht schlechter.}) 24... Qf2 $1 25. Nc6 Rb6 26. c3 {Erkennt
die Drohung nicht, aber die Lage war wohl schon ziemlich hoffnungslos, z.B.} (
26. Qd2 h6 {Idee Lg5} 27. f4 Re3 28. Nd4 Bh3 $1 29. gxh3 Rxh3 30. Nf3 Qxf3+ 31.
Kg1 Rh4 32. Rxe2 Bd4+ {usw.}) 26... Re3 27. Qd2 Bxc3 $1 {Weiß gibt bereits auf,
denn 29.Lxc3 Txb1 30.Txb1 Df1+ führt zum Matt.} 0-1

[Event "Lasker Memorial op"]
[Site "Barlinek"]
[Date "2001.07.24"]
[Round "8"]
[White "Babaev, Rashad"]
[Black "Dworakowska, Joanna"]
[Result "1/2-1/2"]
[WhiteElo "2361"]
[BlackElo "2350"]
[Annotator "Konikowski,J"]
[PlyCount "35"]
[EventDate "2001.07.19"]
[EventType "swiss"]
[EventRounds "10"]
[EventCountry "POL"]
[SourceTitle "CBM 085"]
[Source "ChessBase"]
[SourceDate "2001.11.13"]
[SourceVersion "1"]
[SourceVersionDate "2001.11.13"]
[SourceQuality "1"]

1. e4 c5 2. Nf3 d6 3. d4 cxd4 4. Nxd4 Nf6 5. Nc3 a6 6. Be2 e5 7. Nb3 Be7 8. O-O
O-O 9. Kh1 Qc7 10. f4 b5 11. fxe5 dxe5 12. Bd3 (12. Bg5 Nbd7 (12... b4 13. Bxf6
bxc3 14. Bxe7 Qxe7 15. bxc3 Bb7 16. Bd3 Qc7 17. Qg4 Qxc3 18. Rf3 Bc8 19. Qh4
Be6 20. Raf1 f6 21. g4 {1/2-1/2 Ganguly,S-Dworakowska,J/Calcutta 2001/}) 13.
Bd3 Bb7 14. Qf3 h6 15. Bd2 Nb6 16. Qg3 Kh8 17. Rf5 Bc8 18. Rxe5 Bd6 19. Bf4 g5
20. Rc5 gxf4 21. Qh4 Bxc5 22. Qxf6+ Kg8 23. Nxc5 Qxc5 24. e5 Bb7 25. Qxh6 f5
26. exf6 $40 {Shirov,A-Gelfand,B/Dos Hermanas 1996/}) 12... Be6 $146 {[%mdl 8]}
(12... Bg4 13. Qe1 Bh5 14. a4 b4 15. Ne2 Nbd7 16. Ng3 Bg6 17. Nf5 Bxf5 18. Rxf5
g6 19. Rf3 Nh5 20. Bh6 Rfe8 21. Qe2 Nf4 22. Bxf4 exf4 23. Bxa6 Ne5 24. Rff1 h5
25. h3 Bh4 26. Bb5 $18 {Timoshenko,G-Roeder,M/Cappelle 1997/}) (12... b4 13.
Ne2 Be6 14. Ng3 g6 15. Bh6 Rd8 16. Bg5 Ne8 17. Bxe7 Qxe7 18. Qe2 a5 19. Qf2 Nd7
20. a4 Ng7 21. Rad1 Rdc8 22. Bb5 Nf8 23. Rd2 h5 24. Qe3 Nh7 25. Nc1 h4 26. Nge2
Qg5 $15 {Sikora Gizynska,B-Dworakowska,J/Krynica 1997/}) 13. Bg5 Nbd7 14. Qe2
Nb6 15. Rae1 b4 (15... Rad8 $5) 16. Nd5 Nfxd5 17. exd5 Bxd5 (17... Bxg5 $2 18.
dxe6 fxe6 19. Rxf8+ (19. Qe4 $5) 19... Kxf8 (19... Rxf8 20. Qg4 $16) 20. Bxh7
$16) 18. Bxe7 1/2-1/2

[Event "Las Palmas"]
[Site "Las Palmas"]
[Date "1996.12.12"]
[Round "4"]
[White "Kasparov, Garry"]
[Black "Anand, Viswanathan"]
[Result "1/2-1/2"]
[WhiteElo "2785"]
[BlackElo "2735"]
[Annotator "Kramnik,V"]
[PlyCount "126"]
[EventDate "1996.12.08"]
[EventType "tourn"]
[EventRounds "10"]
[EventCountry "ESP"]
[EventCategory "21"]
[SourceTitle "CBM 057"]
[Source "ChessBase"]
[SourceDate "1997.04.01"]
[SourceVersion "1"]
[SourceVersionDate "1997.04.01"]
[SourceQuality "1"]

1. e4 {Dolmatov Shamkovich} c5 2. Nf3 d6 3. d4 cxd4 4. Nxd4 Nf6 5. Nc3 a6 {
The Najdorf variation is the most popular opening system at the present time.
Both opponents play it with White and Black} 6. Be2 {The classical line, which
is more quiet than aggressive ones 6.Bg5 and 6.Bc4} e5 {The alternative 6...e6
leads to the Sheveningen formation} 7. Nb3 Be7 8. O-O O-O 9. Kh1 {Alternatives
are 9.a4 and 9.Be3} b5 (9... Nc6 10. f4 a5 (10... exf4 {Dolmatov} 11. Bxf4 Be6)
11. a4 Nb4 12. Bf3 Qb6 13. g4 exf4 14. Bxf4 Nd7 15. Nd4 g6 16. Bh6 Re8 17. Nf5
$1 {with strong attack, Kasparov,G-Gelfand,B/VSB Amsterdam NED 1996}) (9... Be6
10. f4 Qc7 11. Nd5 Bxd5 12. exd5 Nbd7 {and Black's position is satisfactory,
Glek,I-Svidler,P/ch-RUS Elista 1995}) 10. a4 (10. Nd5 Nxd5 11. Qxd5 Ra7 12. Be3
Be6 13. Qd2 Rd7 {is unclear (Sznapik-Bukic, Lubliana 81, Informator 32/349)})
10... Bb7 (10... b4 11. Nd5 Nxe4 $4 12. Bf3 {wins}) 11. Nd5 {After 11.ab ab 12.
Rxa8 Bxa8 13.Qd3 Nbd7 (Vogt-Suetin, Leipzig 1980) the game is even. Kasparov
choses the new line with the pawn sacrifice.} ({After solid} 11. f3 b4 12. Nd5
Nxd5 13. exd5 Nd7 {the posision is practically even, Krylov,S-Baburin,A/32nd
Chess Olympiad Yerevan ARM 1996}) 11... bxa4 {The original idea. Black is
trying to keep an extra pawn, but at cost of some undevelopment. Alternatives
are:} (11... Nxd5 $6 12. exd5 b4 13. a5 {and White has a significant advantage.
}) (11... Nxe4 $5 12. axb5 (12. Bf3 {Dolmatov} f5 13. Na5 Qxa5 14. Nxe7+ Kh8
15. Bxe4 Bxe4 16. Qxd6 $16) 12... axb5 13. Rxa8 Bxa8 14. Be3 Nd7 15. Bxb5 {
White's position is preferable}) (11... Nbd7 12. axb5 (12. Nxe7+ {Dolmatov}
Qxe7 13. f3 bxa4 14. Na5 Nc5 15. Nxb7 $16) 12... axb5 13. Rxa8 Bxa8 14. Nxe7+
Qxe7 15. f3 {White is better, Ivanchuk,V-Malisauskas,V/Keres Rapid 1996}) 12.
Rxa4 Bc6 13. Ra3 (13. Rc4 $2 {Dolmatov} Bb5 14. Rb4 Nc6) 13... Nxe4 {[#] Is
there a sufficient compensation for a pawn? Kasparov continues to play
positionally, posessing control over key square d5} 14. Na5 Nf6 15. Nxc6 Nxc6
16. Bc4 Nd4 17. Rh3 {Combining play on two sides. The threat is 18.Qd3} g6 18.
Qd2 {Threatening the simple 19.Qh6} Nf5 19. Nxf6+ Bxf6 20. Bd5 (20. g4 {Timman}
Qc8 (20... Nh4 21. g5 $18) (20... d5 $5 21. gxf5 dxc4 22. Qh6 Qd5+ 23. f3 Rfd8
$13) 21. Bd5 $1 (21. Rc3 Qb7+ 22. Bd5 Qb5) 21... Nh4 22. Rg1 $3 {[#]} (22. Bxa8
{Dolmatov} Qxa8+ 23. f3 e4) 22... g5 23. Rxh4 gxh4 24. g5 Bg7 25. g6 $1 hxg6 (
25... Qf5 26. gxf7+ Kh8 27. Bxa8 Rxa8 (27... e4 28. Qf4 Qxf4 29. Bxf4 Rxa8 30.
Bxd6 h6 31. Rxg7 Kxg7 32. f8=Q+ Rxf8 33. Bxf8+ Kxf8 34. Kg2 Kf7 35. Kh3 {wins})
28. Qd5 Rf8 29. Bh6 $1 {Fritz and Black has no defense}) (25... Ra7 26. gxh7+
Kh8 (26... Kxh7 27. Qg5 $18) 27. Rxg7 Kxg7 28. Qh6+ Kh8 29. Qf6+ Kxh7 30. Be4+
Kg8 31. Qg5+ Kh8 32. Qh6+ Kg8 33. Qh7#) 26. Rxg6 Qh3 27. Rg1 $1 Kh8 (27... e4
28. Bxe4 f5 29. Bd5+ Kh8 30. Rxg7 Kxg7 31. Qh6#) 28. Qg5) 20... h5 {The only
way to hold the position is to sacrifice an exhcange} (20... Rc8 {Dolmatov} 21.
g4 $18) 21. Bxa8 Qxa8 22. Ra3 Rc8 23. c3 Qb7 24. Qd3 (24. Rd1 $5 {Dolmatov} d5
$2 (24... Rc5 25. b4 Rc6) 25. Qxd5 Rd8 26. Qb3 Qxb3 27. Rxd8+) 24... Rc6 25.
Rd1 {It is strange that Kasparov overlooked 25.Ra5 Ne7 26.f4, which was much
better} (25. b4 {Dolmatov} Ne7 26. Be3 d5 27. Bc5 e4 $16) 25... d5 {Now Black
has full compensation for the exchange. The point is that if 26.Qxd5 Rd6!,
winning.} 26. Ra5 (26. Qxd5 $4 {Dolmatov} Rd6 $17) 26... d4 27. cxd4 exd4 (
27... Nxd4 {Dolmatov} 28. Be3 Qxb2 (28... Nf5 29. Bc5 $16) 29. Rxa6 Rxa6 30.
Qxa6 Ne6) 28. b4 Nh4 29. f3 Qxb4 {[Black has a pawn for the exchange, his
pieces are centralized. The game is practically even, yet Kasparov is trying
to break through.} (29... Nf5 {Dolmatov} 30. Bd2 Nd6 31. Rc1 Rb6 32. Rac5 Nb5)
30. Rxa6 Rxa6 31. Qxa6 Bg7 32. Qd3 Nf5 33. Bf4 Qb2 (33... Bf6 {Dolmatov} 34.
Rb1 Qa5) 34. g3 Kh7 35. Rd2 Qb7 36. Qe4 Qb5 (36... Qxe4 $5 {Dolmatov} 37. fxe4
Ne3 38. Bxe3 dxe3 39. Re2 Bh6) 37. Qd3 Qb7 38. Qe4 Qb5 39. Kg1 Qa5 40. Qd3 Ne7
41. Rd1 Nd5 (41... Nf5 {Dolmatov} 42. Kg2 Qa2+ 43. Rd2 Qd5 44. h3) 42. Bd2 Qa7
43. Re1 Qd7 44. Kg2 Qa7 45. Kg1 Qa2 46. Re2 Qa1+ 47. Re1 Qa4 48. Rc1 Nc3 49. g4
{The last try} Qa5 50. Re1 Qc5 51. h3 Bf6 52. f4 h4 (52... hxg4 {Dolmatov} 53.
hxg4) 53. Qf3 Qb5 54. g5 Bg7 55. Re7 (55. Qg4 Kg8 56. Qxh4 Ne2+ 57. Kh2 d3 {
and Black is no worse}) 55... Qb1+ 56. Qf1 Qf5 57. Qe1 Qxh3 58. Rxf7 Qg4+ 59.
Kh2 h3 (59... Ne2 {Dolmatov} 60. Qf2) 60. Qf1 Ne4 61. Be1 d3 62. Qxh3+ Qxh3+
63. Kxh3 d2 1/2-1/2

[Event "Berliner Sommer 15th"]
[Site "Berlin"]
[Date "1997.??.??"]
[Round "8"]
[White "Kruppa, Yuri"]
[Black "Lautier, Joel"]
[Result "1-0"]
[WhiteElo "2535"]
[BlackElo "2660"]
[Annotator "Kruppa,Y"]
[PlyCount "81"]
[EventDate "1997.08.??"]
[EventType "swiss"]
[EventRounds "9"]
[EventCountry "GER"]
[SourceTitle "CBM 059 Extra"]
[Source "ChessBase"]
[SourceDate "1997.09.26"]
[SourceVersion "1"]
[SourceVersionDate "1997.09.26"]
[SourceQuality "1"]

1. e4 c5 2. Nf3 d6 3. d4 cxd4 4. Nxd4 Nf6 5. Nc3 a6 6. Be2 e5 7. Nb3 Be7 8. O-O
Be6 (8... O-O 9. Kh1 Qc7 10. g4 $13) 9. f4 (9. Be3 Nbd7 10. a4 $140 Rc8) 9...
Qc7 10. g4 $146 (10. Kh1 Nbd7 (10... O-O 11. f5 Bc4 12. g4 h6 13. g5 hxg5 14.
Bxg5 Nbd7 15. Rg1 Rfc8 $16 {Short-Gelfand (Amsterdam 1996, sp 5/96)}) 11. a4
O-O 12. g4 Bxb3 13. cxb3 Nc5 $13 {Anand-Lautier (Amsterdam 1996, sp 5/96)})
10... exf4 (10... h6 11. g5 hxg5 12. fxg5 Qb6+ 13. Kh1 Nfd7 14. Nd5 $16) 11. g5
Nfd7 12. Bxf4 Nc6 13. Bg4 (13. Nd5 Bxd5 14. exd5 Nce5 $11) 13... Bc4 (13... O-O
14. Bxe6 fxe6 15. Qg4 $16) 14. Rf2 Nde5 15. Bh3 (15. Nd5 Bxd5 (15... Qd8 $1)
16. exd5 Nxg4 17. Qxg4 Ne5 18. Bxe5 dxe5 19. c4 $14) 15... O-O 16. Qh5 (16. Nd5
$5 Bxd5 17. exd5 Nb8 18. Qh5) 16... g6 17. Qh6 Qb6 18. Kg2 f6 19. Nd5 $6 (19.
gxf6 $142) 19... Bxd5 20. exd5 fxg5 (20... Nf7 21. Be6 Ncd8 22. Qh3 $1 $16) 21.
Be6+ Kh8 22. Bg3 Qe3 $1 (22... Nd4 23. Raf1 Nxe6 24. Bxe5+ dxe5 25. Rf7 Rxf7
26. Rxf7 Nf4+ 27. Kh1 $18) 23. dxc6 Qe4+ 24. Kf1 $1 (24. Kg1 Rxf2 25. Kxf2 (25.
Bxf2 Nf3+ $19) 25... Rf8+ 26. Qxf8+ Bxf8 27. c7 Qxc2+ $19) 24... Rxf2+ 25. Bxf2
Qh1+ (25... Rf8 26. Qxf8+ Bxf8 27. c7 Qh1+ 28. Ke2 Qf3+ 29. Ke1 Qh1+ (29... Ng4
$2 30. Bd4+ $18) 30. Ke2 Qf3+ $11) 26. Ke2 Qf3+ 27. Ke1 Qe4+ 28. Kd1 Qf3+ 29.
Ke1 bxc6 $5 (29... Qe4+ $11) 30. Qh3 Qe4+ 31. Kd1 Rf8 32. Nd2 Qh1+ (32... Qb4
33. Qe3 Qxb2 $2 34. Rb1 $18) 33. Be1 Rf2 (33... Nf3 34. Qf1 $16) 34. Qe3 Rxh2
35. c4 Qg2 $4 $138 (35... Bf6 $13) 36. Bg3 $1 Qh1+ (36... Rh1+ 37. Kc2 Rxa1 38.
Qxe5+ $1) 37. Kc2 Rxd2+ 38. Kxd2 Nf3+ 39. Ke2 Qg2+ 40. Bf2 Ne5 41. Bh3 1-0